000 00466nam a2200169 4500
001 118655
003 ES-MaACL
005 20250824100728.0
007 t|
008 070214s1911 sp r ||||1| spa d
100 1 _aPérez Bojart, José
_990671
245 1 0 _aMicropoemas /
_cJosé Pérez Bojart.
260 _aMadrid :
_bAsociación de Publicistas,
_c1911.
300 _a108 p. ;
_c19 cm.
852 _aES-MaACL
_jT-1234-F-3
999 _c118655
_d118655